000 00934nam a22001937a 4500
008 100615t xxu||||| |||| 00| 0 eng d
082 _222
_a658.72
_bب ط ل
100 _914761
_aالبطل، منى محمد إبراهيم
245 _aإدارة المشتريات والمخازن :
_bاستراتيجيا وإلكترونيا /
_cمنى محمد إبراهيم البطل
260 _aالقاهرة:
_bألفا والولاء للطباعة ، [2006]
_c[2006]
300 _a373 ص ؛
_c24 سم
500 _aإهداء: د. سماء عطيه
504 _aببليوجرافية: ص 365-373
650 _914762
_aإدارة المشتريات
650 _914763
_aإدارة المخازن
650 _914764
_aالشراء
942 _2ddc
_cBB
999 _c14088
_d14088